مقدمة في التربية الخاصة / (رقم التسجيلة. 29127)
[ عرض عادي ]
| 000 -الفاتح | |
|---|---|
| حقل البيانات ثابتة الطول | 00638nam a22001937a 4500 |
| 003 - محدد رقم الضبط | |
| رقم الضبط | OSt |
| 005 - وقت وتاريخ اخر تعامل مع التسجيلة | |
| رقم الضبط | 20150408114127.0 |
| 008 - عناصر البيانات ثابتة الطول - معلومات عامة | |
| حقل البيانات ثابتة الطول | 130315s 2000su ||||g |||| 00| 0 ara d |
| 040 ## - مصدر الفهرسة | |
| وكالة الفهرسة الأصلية | Ma-un |
| 082 ## - رقم تصنيف ديوى العشرى | |
| رقم التصنيف | 371.9 |
| رقم المادة | ب أ م |
| 100 ## - المدخل الرئيسى - إسم شخصى | |
| الإسم الشخصى | بخش، أميرة طه عبد الله |
| 9 (RLIN) | 34452 |
| 245 ## - بيان العنوان | |
| العنوان | مقدمة في التربية الخاصة / |
| بيان المسئوليه,etc | أميرة طه بخش. |
| 260 ## - PUBLICATION, DISTRIBUTION, ETC. (IMPRINT) | |
| مكان الناشر او الموزع | جدة، السعودية : |
| اسم الناشر او الموزع | [د. ن.]، |
| تاريخ النشر أو التوزيع | 2000 1420 |
| 300 ## - الوصف المادى | |
| التعداد | 136 ص. ؛ |
| أبعاد الوعاء | 24 سم. |
| 650 ## - المدخل الاضافى بالموضوع-مصطلح موضوعى | |
| مصطلح موضوعي أو اسم جغرافي كعنصر مدخل | التعليم الخاص |
| 650 ## - المدخل الاضافى بالموضوع-مصطلح موضوعى | |
| مصطلح موضوعي أو اسم جغرافي كعنصر مدخل | المعوقون |
| التقسيم الفرعي العام | تعليم |
| 650 ## - المدخل الاضافى بالموضوع-مصطلح موضوعى | |
| مصطلح موضوعي أو اسم جغرافي كعنصر مدخل | المعوقون |
| التقسيم الفرعي العام | رعاية |
| 9 (RLIN) | 14984 |
| 942 ## - عناصر المدخل الإضافي( كوها) | |
| مصدر التصنيف او مخطط الترفيف | Dewey Decimal Classification |
| Koha [default] item type | كتاب |
| حالة الفقد | نموذج السعر الفعال | حالة تلف | ليس للاعارة | رقم الطلب | رقم النسخة | تاريخ الاكتساب | الموقع الحالي | الباركود | الفرع الرئيسي | Date last seen | نوع المادة فى نظام كوها | مصدر التصنيف او خطة الترفيف | Total Checkouts |
|---|---|---|---|---|---|---|---|---|---|---|---|---|---|
| 2013-03-16 | Not For Loan | 371.9 ب أ م | 1 | 2013-03-16 | المكتبة المركزية بالمجمعة (CL) | 00305138 | المكتبة المركزية بالمجمعة (CL) | 2013-03-16 | كتاب | Dewey Decimal Classification | |||
| 2013-03-16 | 371.9 ب أ م | 2 | 2013-03-16 | المكتبة المركزية بالمجمعة (CL) | 00305139 | المكتبة المركزية بالمجمعة (CL) | 2013-03-16 | كتاب | Dewey Decimal Classification | ||||
| 2013-03-16 | 371.9 ب أ م | 3 | 2013-03-16 | المكتبة المركزية بالمجمعة (CL) | 00305140 | المكتبة المركزية بالمجمعة (CL) | 2013-03-16 | كتاب | Dewey Decimal Classification |
